Religious Denomination of US Presidents - Statistics

General Stats
  • This quiz has been taken 474 times
    362 since last reset
  • The average score is 29 of 45
Answer Stats
Hint Answer % Correct
John F. Kennedy Catholic
99%
Joe Biden Catholic
99%
Warren G. Harding Baptist
81%
Harry S. Truman Baptist
81%
Jimmy Carter Baptist
81%
Bill Clinton Baptist
81%
James K. Polk Presbyterian (Calvinism), Methodist on deathbed
81%
James Madison Deist or Episcopalian (Anglicanism)
80%
George Washington Episcopalian (Anglicanism)
79%
James Monroe Episcopalian (Anglicanism)
79%
William Henry Harrison Episcopalian (Anglicanism)
79%
John Tyler Episcopalian (Anglicanism)
79%
Zachary Taylor Episcopalian (Anglicanism)
79%
Franklin Pierce Episcopalian (Anglicanism)
79%
Chester A. Arthur Episcopalian (Anglicanism)
79%
Franklin Delano Roosevelt Episcopalian (Anglicanism)
79%
Gerald R. Ford Episcopalian (Anglicanism)
79%
George H.W. Bush Episcopalian (Anglicanism)
79%
Barack Obama Congregationalist (Calvinism), then unaffiliated
75%
Andrew Jackson Presbyterian (Calvinism)
74%
James Buchanan Presbyterian (Calvinism)
74%
Grover Cleveland Presbyterian (Calvinism)
74%
Benjamin Harrison Presbyterian (Calvinism)
74%
Woodrow Wilson Presbyterian (Calvinism)
74%
Dwight D. Eisenhower Presbyterian (Calvinism)
74%
Donald Trump Presbyterian (Calvinism)
74%
Ulysses S. Grant Methodist
71%
William McKinley Methodist
71%
George W. Bush Methodist
71%
Abraham Lincoln Unaffiliated Christian or Deist
70%
Martin Van Buren Dutch Reformed (Calvinism)
57%
Theodore Roosevelt Dutch Reformed (Calvinism)
57%
Andrew Johnson Unaffiliated Christian
55%
Rutherford B. Hayes Unaffiliated Christian
55%
Thomas Jefferson Deist
53%
Calvin Coolidge Congregationalist (Calvinism)
52%
Herbert Hoover Quaker
49%
Richard Nixon Quaker
49%
John Adams Unitarian
32%
John Quincy Adams Unitarian
32%
Millard Fillmore Unitarian
32%
William Howard Taft Unitarian
32%
James A. Garfield Disciples of Christ (Restoration Movement)
15%
Lyndon B. Johnson Disciples of Christ (Restoration Movement)
15%
Ronald Reagan Disciples of Christ (Restoration Movement)
15%
No matching quizzes found
Score Distribution
Percent of People with Each Score
Percentile by Number Answered
Your Score History
You have not taken this quiz since the last reset